[Event "FIDE World Cup"]
[Site "Tromsoe"]
[Date "2013.08.17"]
[Round "3.1"]
[White "Gelfand, Boris"]
[Black "Moiseenko, Alexander"]
[Result "1-0"]
[WhiteElo "2764"]
[BlackElo "2699"]
[Annotator "Sumets,A"]
[PlyCount "65"]
[EventDate "2013.08.11"]
[EventType "k.o."]
[EventRounds "7"]
[EventCountry "NOR"]
[SourceTitle "CBM 156"]
[Source "ChessBase"]
[SourceDate "2013.09.17"]
[SourceVersion "1"]
[SourceVersionDate "2013.09.17"]
[SourceQuality "1"]

1. d4 Nf6 2. c4 e6 3. Nf3 d5 4. Nc3 Bb4 5. Bg5 h6 6. Bxf6 Qxf6 7. Qa4+ Nc6 8.
e3 O-O 9. Be2 dxc4 {A few monts ago Alexandr Moiseenko opted for the other
option and he got a good position against C. Lupulescu.} (9... Bd7 10. Qb3 dxc4
11. Qxc4 Qg6 (11... Qe7 12. O-O Na5 13. Qd3 c5 14. a3 c4 15. Qc2 Bd6 (15...
Bxc3 16. Qxc3 Nb3 17. Rad1 b5 18. Ne5 Rab8 $132) 16. Ne4 (16. e4 Rad8 17. Rad1
b5 18. e5 Bb8 19. d5 $6 exd5 20. Nxd5 Qe6 $15) 16... Rac8 17. Nxd6 Qxd6 18. Qc3
Nb3 19. Rae1 b5 20. Ne5 a5 21. Nxd7 Qxd7 $11 {Postny,E (2637) -Wojtaszek, R 
(2701) Legnica POL 2013 1/2 (41)}) 12. O-O Bd6 13. Nb5 e5 14. Nxd6 {Here White
has nothing after trading his knight for bishop. More ambitious was 14.d5 but
it seems that Black would be OK after} (14. d5 Ne7 15. Nxd6 cxd6 16. Rfc1 Rfc8
17. Qb3 b6 $11) 14... cxd6 15. Rfd1 Rfd8 16. Rac1 e4 17. Nd2 Bh3 18. g3 d5 19.
Qb5 Rd6 {Lupulescu, C (2634) -Moiseenko,A (2698) Legnica POL 2013 1/2 (41).
Black has nothing to worry about.}) (9... a6 10. Qb3 dxc4 11. Qxc4 Bd6 12. O-O
Bd7 (12... Qg6 $5 13. Rac1 (13. Bd3 $2 Na5 14. Bxg6 Nxc4 $15) 13... Bd7 $1 (
13... e5 14. dxe5 Nxe5 15. Nxe5 Bxe5 16. Nd5 $14) 14. a3 e5 15. dxe5 Nxe5 16.
Nxe5 Bxe5 17. f4 Bd6 18. Bf3 Be6 19. Qe2 c6 $11) 13. Ne4 Qe7 14. Rac1 Rfc8 15.
Rfd1 $14 Nd8 16. Qc2 Bc6 17. Ned2 Bb5 18. Ne4 Nc6 19. a3 Nb8 $2 20. Bxb5 axb5
21. d5 $16 {Rodshtein,M (2652)-Swiercz,D (2565) Plovdiv 2012 1-0 (82)}) 10. O-O
Bd6 {A strange decision. Black allows White to play Qxc4. That is certainly
better for White then regaining the pawn after Bxc4. Probably Alexander has
mixed up something.} (10... Bd7 11. Bxc4 Bd6 12. Qc2 (12. Ne4 Qe7 13. Qc2 e5
14. Nxd6 cxd6 15. d5 Nd8 {After this move Black had the worse position.
Probably he needed to opt for} (15... Nb8 $5 16. Rac1 b5 17. Be2 a5 18. Nd2 Na6
$132 {with good counterplay}) 16. Rac1 f5 17. Qb3 f4 18. exf4 Rxf4 19. g3 Rf8
20. Qe3 $14 {Lin Weiguo (2470)-Landa,K (2560) Beijing 1997 1-0 (32)}) 12... e5
13. d5 ({White don't get an advantage after} 13. Nd5 Qd8 14. dxe5 Nxe5 15. Nxe5
Bxe5 16. Rfd1 Re8 17. Rd2 c6 18. Nc3 Qe7 $15) 13... Nb4 14. Qd2 Qg6 $6 (14...
a5 $1 15. a3 Na6 16. Ne4 Qg6 17. Nxd6 cxd6 18. Qxa5 e4 19. Ne1 (19. Nd4 $2 Bh3
$17) 19... b5 20. Ba2 Nc5 $44) 15. a3 Na6 16. b4 $14 {Black's knight on a6 is
out of play} Bh3 17. Ne1 e4 18. f3 exf3 19. Nxf3 Bg4 20. Bd3 Qh5 21. Ne4 Rad8
22. Nxd6 Rxd6 23. e4 $16 {1-0 (32) Ragger,M (2670)-Cornette,M (2552) Belfort
2012}) (10... a6 11. Bxc4 Bd6 12. Bd3 Bd7 13. Qb3 Qe7 14. Rac1 e5 15. Nd5 Qe8
16. dxe5 Nxe5 17. Nxe5 Qxe5 18. f4 Qe6 19. Nxc7 Qxb3 20. axb3 Rac8 21. Nd5 Be6
(21... Bc6 $1 22. Nb6 (22. Be4 Rce8 $11) 22... Rcd8 23. Rfd1 Rfe8 $44) 22. Be4
Rc5 23. Rcd1 Re8 24. Nc3 Bb8 25. Bd5 $14 {Bu Xiangzhi (2676)-Vitiugov, N (2722)
Ningbo CHN 2010 1-0 (57)}) 11. Qxc4 e5 $146 {Before the game we are examining,
the move 10...Bd6 was played only once and I don't think that Alexander knew
that game.} (11... Bd7 12. Rfd1 Rad8 13. Rac1 a6 14. Ne4 Qe7 15. Qb3 Rb8 16.
Nc5 $14 {Malaniuk,V (2517)-Gralka,J (2240) Lazy POL 2013 1-0 (46)}) 12. d5 (12.
Ne4 $5 Qe7 (12... Qd8 13. Rfd1 exd4 14. Nxd4 Bxh2+ 15. Kxh2 Qh4+ 16. Kg1 Qxe4
17. Nxc6 Qxc6 18. Qxc6 bxc6 19. Bf3 Rb8 20. b3 $14) 13. d5 Nb8 (13... Nd8 $6 {
The knight has nothing to do on d8.} 14. Nxd6 cxd6 15. Rac1 f5 16. Rc3 Nf7 17.
Rfc1 $16) 14. Rac1 Bf5 15. Nxd6 cxd6 16. Qc7 Nd7 17. b3 $14 {White is clearly
better.}) 12... Nd8 $2 {On d8 Black's knight is out of play. It seems to me
that after 12...Nd8? White has got a huge advantage.} (12... Nb8 $1 {I believe
he had to play this} 13. Rac1 Nd7 14. Ne4 Qd8 15. Rfd1 f5 16. Nxd6 cxd6 17. Nd2
Nf6 18. Qb3 Qe7 19. Nc4 $14 {White is still better but Black has some
counterplay.}) 13. Rac1 Qe7 14. Nb5 Bf5 15. Nxd6 cxd6 16. Nd2 $16 {White plays
very simply and due to the knight on d8 Black's position is very difficult.} f6
(16... Rc8 {He could trade rooks but probably it wouldn't help Black to save
the game.} 17. Qa4 b6 18. Rxc8 Bxc8 19. Rc1 Bf5 20. Nc4 $1 f6 21. Na3 Nf7 22.
Nb5 a5 23. Rc7 $16) 17. Qc7 Rf7 18. Qxe7 Rxe7 19. Rc3 {White wants to double
rooks on the c-file. Black can only wait. Instead of waiting Moiseenko decided
to trade his passive rook and he lost immediately.} Rc8 $2 20. Rxc8 Bxc8 21.
Rc1 $18 {There is no way to protect the d6-pawn.} Bd7 22. Ne4 Nf7 23. Bh5 $1
Be8 24. Rc8 Kh7 $8 25. Rxe8 Rxe8 26. Bxf7 Rc8 27. g4 Rc2 (27... Rd8 28. h4 Rd7
29. Be6 Rd8 30. h5 $18) 28. Nxd6 Rxb2 29. Be6 Rxa2 30. Nf7 Rd2 31. d6 Kg6 32.
e4 (32. d7 Rxd7 33. Nxe5+ fxe5 34. Bxd7 $18) 32... a5 33. Bd5 1-0

[Event "Oslo"]
[Site "Oslo"]
[Date "1992.??.??"]
[Round "2"]
[White "Tisdall, Jonathan D"]
[Black "Greenfeld, Alon"]
[Result "1-0"]
[WhiteElo "2455"]
[BlackElo "2520"]
[Annotator "Tisdall,J"]
[PlyCount "99"]
[EventDate "1992.04.??"]
[EventType "tourn"]
[EventRounds "9"]
[EventCountry "NOR"]
[EventCategory "9"]
[SourceTitle "CBM 030"]
[Source "ChessBase"]
[SourceDate "1992.10.01"]
[SourceVersion "1"]
[SourceVersionDate "1992.10.01"]
[SourceQuality "1"]

1. d4 Nf6 2. c4 e6 3. Nf3 d5 4. Nc3 Bb4 5. Bg5 Nbd7 6. e3 c5 7. cxd5 exd5 8.
Bd3 Qa5 9. Qc2 c4 10. Bf5 O-O 11. O-O Re8 12. Bh4 Bxc3 13. Qxc3 $5 {Greenfeld
trodde dette var en nyhet. Det virker som om hvit fÅr en liten, men behagelig
fordel i sluttspillet.} Qxc3 14. bxc3 Ne4 15. Bxe4 dxe4 16. Nd2 Nb6 17. a4 Bg4
(17... a5 18. Rfb1 Ra6 19. Bg3 Bd7 $14) (17... Bd7 18. a5 Nd5 19. Nxc4 Nxc3 20.
Nd6 Reb8 $14) 18. Rfb1 Be2 {[#]} 19. Ra3 $2 (19. Rb5 $1 {Praktisk talt
vinnende fordel.}) 19... f6 $1 20. a5 Nc8 21. Rxb7 Nd6 22. Rb2 a6 23. Ra1 Nb5
24. Bg3 (24. Nxe4 $4 Rxe4 25. Rxe2 Rxh4) 24... Bd3 25. Rc1 Rac8 $2 {/\ 26. ...
g5!= Begge i tidsnKd.} 26. h4 $1 {+/-; /\ Bf4, f3} Kf7 27. Bf4 h6 28. h5 Rcd8
29. Rb4 Rc8 30. f3 f5 31. Kf2 Ke6 32. Nf1 Bxf1 33. Kxf1 Kd5 34. Ke2 Rc6 35.
fxe4+ Kxe4 36. Kd2 Kd5 37. Rf1 g5 38. hxg6 Rxg6 39. g3 h5 40. Be5 h4 41. Rxf5
hxg3 42. Bxg3+ Ke4 43. Rf4+ Kd5 44. Rf5+ Ke4 45. Rf4+ Kd5 46. Bf2 Rg2 (46...
Rg5 47. Rb1 Nd6 48. Rb6 Ne4+ 49. Kc2 Rh8 (49... Rg2 50. Rf5+) 50. Rf7 $1) 47.
Rf5+ Ke4 48. Rf6 Kd5 49. Rb1 Rh8 (49... Nd6 50. Ke2 Ne4 51. Rf5+ Ke6 52. Re5+
Kf7 53. Rb7+ Kf8 54. Rxe8+ Kxe8 55. Kf3 $16) 50. e4+ {50...Kxe4 51.Re1+ Kd5 52.
Re5#} 1-0

[Event "Presidents Cup "]
[Site "Elista"]
[Date "1998.05.11"]
[Round "2.2"]
[White "Gurevich, Mikhail"]
[Black "Bareev, Evgeny"]
[Result "0-1"]
[WhiteElo "2635"]
[BlackElo "2675"]
[Annotator "Tsesarsky,I"]
[PlyCount "190"]
[EventDate "1998.05.07"]
[EventType "k.o."]
[EventRounds "6"]
[EventCountry "RUS"]
[SourceTitle "CBM 065"]
[Source "ChessBase"]
[SourceDate "1998.08.06"]
[SourceVersion "1"]
[SourceVersionDate "1998.08.06"]
[SourceQuality "1"]

1. Nf3 Nf6 2. c4 e6 3. d4 d5 4. Bg5 h6 5. Bh4 Bb4+ 6. Nc3 dxc4 7. Qa4+ Nc6 8.
a3 (8. Bxf6 Qxf6 (8... gxf6 9. e4 (9. O-O-O Bxc3 10. bxc3 Qd5 11. Qc2 (11. e3
b5 12. Qc2 f5 13. Nd2 Qd6 14. h3 Bb7 $44 (14... Rg8 15. g4 Qa3+ 16. Kb1 Rb8 17.
gxf5 b4 18. Nxc4 bxc3+ 19. Ka1 Qe7 20. fxe6 Qxe6 21. Qxc3 $16)) 11... Na5 (
11... f5 12. Nd2 Rg8 13. e4 fxe4 14. Re1 f5 15. Bxc4 Qd6 16. g3 Bd7 $44) 12. e4
Qb5 13. e5 f5 14. h3 (14. d5 $2 exd5 (14... Bd7 15. dxe6 fxe6 $44 {0-1
Behrhorst-Simon/BL /SW,7,28 1988 (33)}) 15. Nd4 Qd7 16. f4 c5 $17) 14... Bd7
15. Rg1 $132) 9... Bd7 10. Qc2 b5 11. a3 Bxc3+ 12. Qxc3 Ne7 13. b3 cxb3 14.
Qxb3 a6 15. Rc1 Bc6 16. Bd3 Rg8 (16... f5 $17) 17. O-O f5 $17 {0-1 Gerber,
K-Martin,A/cr 1974 (37)}) 9. a3 (9. Ne5 Bd7 (9... O-O 10. Nxc6 Bxc3+ 11. bxc3
Bd7 $1 12. Qxc4 Bxc6 13. f3 Qg5 14. e4 Rad8 (14... a6 $6 15. Qe2 Rad8 16. Qd2
Qh5 (16... Qxd2+ 17. Kxd2 e5 18. d5 $14) 17. Bd3 $132) 15. Qe2 (15. Rb1 f5 $1
16. e5 Bd5 17. Qe2 c5 18. c4 Bc6 19. dxc5 f4 $19) 15... f5 16. e5 Bd5 17. Qd2
Qh4+ (17... f4 18. Bd3 c5 19. O-O cxd4 20. cxd4 $11) 18. Qf2 Qe7 19. Bd3 Qa3
20. Qd2 c5 21. O-O cxd4 22. cxd4 Rc8 23. Rfc1 b6 $15) 10. Nxc6 (10. Nxd7 $2
Qxd4 $1 $17) 10... Bxc3+ 11. bxc3 Bxc6 12. Qxc4 O-O 13. f3 Qg5 14. Qd3 Rad8 15.
Qd2 Qe7 16. e3 e5 17. Be2 Rfe8 $15 {Titov,G-Barle,J/Manila olm 1992/1/2-1/2 
(60)}) 9... Bxc3+ 10. bxc3 O-O 11. Qxc4 e5 12. e3 exd4 13. cxd4 Be6 14. Qc5
Rad8 15. Be2 Bd5 16. O-O Rfe8 17. Rfe1 Qg6 18. Qc3 Re6 19. Bd3 Be4 20. Rad1 Rd5
21. Bxe4 Rxe4 22. g3 $14 {Karpov,A-Tal,M/Brussels blitz 1987/1-0 (51)}) (8. e3
Bd7 (8... Qd5 9. Bxf6 gxf6 10. a3 Bxc3+ 11. bxc3 b5 12. Qc2 Bb7 13. e4 Qh5 14.
Be2 Na5 15. Nd2 Qg6 16. Bf3 O-O 17. O-O c5 $15 {0-1 Dzindzichashvili,
R-Taimanov,M/USSR 1974 (41)}) 9. Qc2 (9. O-O-O Bxc3 10. bxc3 Nxd4 11. Qxc4 Nxf3
12. gxf3 Qe7 13. Kb2 O-O-O $17 {0-1 Skembris,S-Inkiov,V/Ano Liosia op 1993 (32)
}) 9... b5 10. Be2 a6 11. O-O Be7 12. Rad1 O-O 13. Rd2 Nd5 14. Bg3 f5 $44 {
1-0 Bakalarz,M-Weglarz,L/POL-chT Porabka 1986 (35)}) 8... Bxc3+ 9. bxc3 Qd5 10.
Bxf6 (10. Nd2 Ne4 11. Nxe4 Qxe4 12. Bg3 Bd7 13. f3 Qg6 14. Qxc4 Qc2 15. Qd3
Qxd3 16. exd3 O-O-O 17. Be2 $14 {1-0 Granda Zuniga,J-Mitkov,N/ch-ESP Team,
Ampuriabrava ESP 1997 (41)}) 10... gxf6 11. Nd2 (11. Qc2 f5 12. g3 b6 13. Bg2
Bb7 14. O-O O-O-O 15. a4 Na5 16. Rfe1 c5 17. e4 fxe4 18. Ne5 f5 $19 {0-1
Guimard,C-Pachman,L/Mar del Plata 1962 (42)}) 11... b5 12. Qd1 $6 (12. Qc2 Rb8
$44) 12... Rb8 $15 13. e4 Qd6 14. a4 (14. Qf3 e5 15. d5 Ne7 16. a4 a6 17. axb5
axb5 18. Rb1 c6 $15) 14... a6 15. axb5 axb5 16. Rb1 Rb6 (16... Rg8 17. Qf3 e5
18. d5 Na5 $44) 17. Qh5 e5 18. Be2 $2 (18. d5 Ne7 19. Be2 f5 $15) 18... f5 $1 {
[%csl Rf5][%cal Gh5b5]} (18... exd4 19. Rxb5 Rxb5 20. Qxb5 dxc3 21. Nxc4 Qd7
22. Bg4 Qxg4 23. Qxc6+ Bd7 24. Qa8+ Ke7 25. Qa3+ Kd8 26. Qa8+ Ke7 (26... Bc8
27. O-O $11) 27. Qa3+ $11) 19. exf5 exd4 $19 20. O-O (20. Qf3 d3 21. Qe3+ Ne7
22. Ne4 Qc6 23. Bf3 Bxf5 24. O-O Bxe4 25. Bxe4 Qd6 $19) 20... Qf4 $5 (20...
dxc3 $144 $5 21. Ne4 (21. Nf3 Qf6 $19) 21... Qe5 $142 $1 (21... Qd4 22. Bf3 b4
23. Rfe1 (23. Rbd1 Qe5 (23... Qg7 24. f6 (24. Rfe1 O-O $19) 24... Qg6 25. Qc5
$18) 24. Rfe1 Kf8 25. Ng3 Qf6 26. Bxc6 c2 (26... Rxc6 27. Qe2 Kg8 28. Nh5 Qxf5
29. Qe8+ Kh7 30. Qxc6 Qxh5 31. Qxc4 c5 32. Rd5 Qg6 (32... Be6 33. Rxe6 $18) 33.
Rxc5 Bh3 34. Qe4 (34. g3 Re8 35. Rc1 Re4 36. Qb3 Qf6 37. Rc7 Kg8 38. Qd1 Bg4
$132) 34... Qxe4 35. Rxe4 Rg8 36. g3 c2 37. Rxc2 Bf5 38. Rec4 Bxc2 39. Rxc2 b3
40. Rb2 Rb8 41. Kf1 Kg6 42. Ke2 Kf5 43. Kd3 $11) 27. Rd5 Rxc6 28. Qe2 Be6 $1
29. fxe6 Rxe6 30. Ne4 Qb2 31. Rd2 Rxe4 (31... b3 32. Qxc4 Kg7 33. Rd7 Rhe8 34.
Rf1 Kg8 35. Nd2 Rb8 36. Rxc7 $18 (36. Rd3 Reb6)) 32. Qxe4 c1=Q 33. Rxb2 Qxb2
34. Qxc4 Qc3 $11) 23... Kf8 24. Rbd1 Qg7 25. Qh4 Qe5 26. Nd6 c2 (26... cxd6 27.
Rxe5 c2 28. Qf6 cxd1=Q+ 29. Bxd1 Nxe5 30. Qxh8+ Ke7 31. Qxc8 $18) 27. Rxe5 Nxe5
28. Re1 Nxf3+ 29. gxf3 Rxd6 $19) 22. Rfe1 (22. Ng3 Qf4 $1 $19) 22... c2 23.
Rbc1 Bxf5 (23... Qxf5 $4 24. Nd6+ cxd6 25. Bg4+ Qe5 26. Rxe5+ Nxe5 27. Bxc8 $18
) 24. Bf3 Be6 25. Qxe5 (25. Rxc2 Qxh5 26. Bxh5 Ke7 $19) 25... Nxe5 $19) 21.
Nxc4 (21. Rfe1 O-O $19) 21... bxc4 22. Bxc4 Qxf5 23. Qe2+ (23. Qxf5 Bxf5 24.
Rxb6 cxb6 25. Bb5 Kd7 26. cxd4 Kd6 $19) 23... Kf8 24. Rxb6 cxb6 25. cxd4 Rg8 (
25... Nxd4 26. Qb2 Qf4 27. g3 Qe4 $19) 26. Rd1 Rg4 27. Qe3 Qf6 28. Bb5 Nxd4 (
28... Rxd4 29. Rxd4 Nxd4 30. Qe8+ Kg7 31. Qxc8 Nxb5 $19) 29. h3 (29. Qe8+ Kg7
30. Rxd4 Rxd4 31. Qxc8 Rd1+ 32. Bf1 Qd4 $19) 29... Rf4 (29... Rxg2+ 30. Kxg2
Bb7+ 31. Kh2 Nxb5 $19) 30. Qe8+ Kg7 31. Qxc8 Nxb5 32. Rd3 Rf5 33. h4 Na7 34.
Qa8 Qxh4 $6 (34... Qa1+ 35. Kh2 Rf6 36. Rg3+ Rg6 $19) 35. Rg3+ Rg5 36. Rxg5+
hxg5 37. Qxa7 Qd4 38. g3 (38. Qe7 Qc5 39. Qa7 Qc1+ 40. Kh2 Qf4+ 41. Kg1 b5 $19)
38... g4 39. Qa6 Qc5 40. Qe2 Qc1+ (40... f5 $19) 41. Kh2 Qh6+ 42. Kg1 Qe6 43.
Qb2+ Kg6 44. Qb1+ Kf6 45. Qb2+ Ke7 46. Qd4 f5 47. Qg7+ Kd6 48. Qd4+ Kc7 49.
Qc3+ Kb8 50. Qh8+ Qc8 51. Qe5+ Ka7 52. Qe7+ Ka6 53. Qa3+ Kb7 54. Qd3 (54. Qe7+
Qc7 55. Qe6 Qc2 56. Qd7+ Ka6 $19) 54... Qe6 55. Qb5 Qe1+ 56. Kg2 Qe4+ 57. Kg1
Kc7 58. Kh2 Qe6 59. Qa4 Qh6+ 60. Kg1 Qc1+ 61. Kh2 Qc5 62. Qa7+ Kd6 63. Qb8+ Kd5
64. Qa8+ Ke5 65. Qe8+ Kd4 66. Qe3+ Kd5 67. Qd2+ Kc6 (67... Ke4 68. f3+ gxf3 69.
Qf4+ Kd3 70. Qxf3+ Kc2 71. Kh3 b5 72. Qe2+ Kc3 73. Qf3+ Kd2 (73... Kb2 74. Qe2+
Ka3 (74... Kc3) 75. Qd3+ Ka4 76. Qd1+ Ka5 77. Qd8+ $17) 74. Qg2+ Ke1 75. Qh1+
Ke2 76. Qg2+ $17) 68. Qh6+ Kd5 69. Qd2+ Qd4 70. Qc2 f4 71. Qf5+ Kc4 72. Qc2+
Kb4 73. Qb1+ Kc3 74. Qa1+ Kd3 75. Qd1+ Ke4 76. Qe2+ Kd5 77. gxf4 Qxf4+ 78. Kg1
Qd4 $2 (78... Qc1+ 79. Kg2 Qc4 80. Qd2+ Kc5 81. Kg3 b5 82. Qg5+ Kb6 83. Qe3+
Kc6 84. Qe8+ Kb7 85. Qf8 b4 $19) 79. Qb5+ Ke4 (79... Kd6 80. Qe8 Kc5 $17) 80.
Qc6+ Kd3 81. Qb5+ Kc3 82. Kg2 Qc5 83. Qe2 Qd5+ 84. Kh2 b5 85. Qxg4 b4 86. Qg7+
$6 (86. Qg3+ Qd3 87. Qc7+ Qc4 88. Qg3+ Kc2 89. Qg6+ Qd3 90. Qc6+ Kd1 91. Kg2 b3
92. Qb7 Kc2 93. Qc6+ Kb1 94. Qb6 b2 95. Qc6 Qc2 (95... Ka2 96. Qa4+) 96. Qf3
Kc1 97. Qf4+ Kd1 98. Qd4+ $11) 86... Qd4 87. Qc7+ Kd2 88. Qf7 Qc3 89. Qd5+ Ke2
90. f4 $2 (90. Kg2 $1 $15) 90... b3 $19 91. f5 (91. Qg2+ Kd1 92. Qh1+ Qe1 93.
Qb7 Qf2+ 94. Kh3 b2 95. Qb3+ Qc2 96. Qf3+ Qe2 97. Qb3+ Ke1 $19) 91... b2 92.
Qe4+ Qe3 93. Qc4+ Qd3 94. Qg4+ Ke1 95. Qg1+ Qf1 0-1